| 000 | 00960nam a2200241Ia 4500 | ||
|---|---|---|---|
| 001 | 21829 | ||
| 003 | GE_BSU | ||
| 008 | 181216s||||||||xx |||||||||||||| ||und|| | ||
| 020 | _a978-99940-66-42-1 | ||
| 040 | _cGE_BSU | ||
| 080 | _a811.353.1-8(075.3) | ||
| 100 | _aროდონაია, ვახტანგ მირიანაშვილი, მარიამ ვაშაკიძე, ლალი არაბული,ავთანდილ | ||
| 245 | _aქართული ენა : მე-2 კლ. | ||
| 245 | _cმხატვ. მაკა ერისთავი | ||
| 260 | _aთბილისი | ||
| 260 | _bსაქართველოს მაცნე | ||
| 260 | _c2006 | ||
| 300 | _a166გვ. : ილ. ; 29სმ. | ||
| 520 | _aპილოტირებულია საქ. სკოლებში | ||
| 541 | _h10 ლ. | ||
| 653 | _aქართული ენა : მე-2 კლ. | ||
| 942 | _cBK | ||
| 999 |
_c54762 _d54762 |
||